Statistics for Peru - Top 10 Scorers in the National Team (2018)

Click here to take the quiz!

General Stats

  • This quiz has been taken 39 times
  • The average score is 5 of 10

Answer Stats

GoalsPlayer% Correct
35Paolo Guerrero
100%
25Jefferson Farfan
85%
20Claudio Pizarro
76%
26Teofilo Cubillas
64%
18Hugo Sotil
39%
20Nolberto Solano
39%
19Roberto Palacios
36%
24Teodoro Fernandez
27%
16Franco Navarro
15%
17Oswaldo Ramirez
12%

Score Distribution

Percentile by Number Answered

Percent of People with Each Score

Your Score History

You have not taken this quiz